000 00511nam a2200169Ia 4500
999 _c6446
_d6446
020 _a9788171887033
082 _a351.02854678 INF-
245 0 _aInfrastructure and Governance
260 _aNew delhi
_bAcademic Foundation
_c2008
300 _a166
650 _aInfrastructure (Economics)
_zIndia
650 _aIndia
_vEconomic policy
_z1991
650 _aLocal government
_vInformation technology
_zIndia
650 _aInternet in public information
_zIndia
700 _aSameer Kochhar [et.... al]
942 _cBK